Classic Movies by Movie Posters #2 - Statistics

General Stats
  • This quiz has been taken 1,974 times
    1,961 since last reset
  • The average score is 7 of 18
Answer Stats
Picture Answer % Correct
Robinhood
97%
The Birds
90%
Frankenstein
86%
Godzilla/Gojira
70%
The Bride of Frankenstein
53%
A Street Car Named Desire
48%
The Bridge On The River Kwai
43%
The Mummy
42%
Gentlemen Prefer Blondes
31%
Modern Times
31%
Cat On A Hot Tin Roof
30%
The Hunchback of Notre Dame
28%
Bringing Up Baby
22%
The Philadelphia Story
19%
The Man Who Knew Too Much
16%
Double Indemnity
15%
The General
11%
The Women
10%
No matching quizzes found
Score Distribution
Percent of People with Each Score
Percentile by Number Answered
Your Score History
You have not taken this quiz since the last reset